000 00461nam a22001817a 4500
003 MPLRDC
005 20220104125746.0
008 210129b ||||| |||| 00| 0 eng d
020 _a978-7-5086-3442-5
082 _a415.53 MOR
100 _aANDREAS MORITZ
245 _a神奇的肝胆排石法
_c皮海蒂 亦
250 _a一版一刷
260 _a中国
_b中信出版社
_c2012
300 _b252
650 _a胆道疾病
942 _cBK
_o415.53 MOR
999 _c29915
_d29905